Paleomagnetism of neovolcanics of the East-Slovak Lowlands and Zemplínske vrchy Mts.: A study of the tectonics applying the paleomagnetic data (Western Carpathians)

Podrobná bibliografia
Hlavný autor: Orlický, Oto (Author)
Médium: Článok
Jazyk:English
Témy:
Zdroj: 1. Geologica Carpathica 1. 1335-0552 1. Roč. 47, č. 1(1996), s. 13-20
LEADER 01242nab#a2200385#ar4500
001 000000986
003 SVKKK
005 00000000000000.0
008 c xo e engo
FMT
038 |a SVKKK 
040 |a SVKKK  |b slo  |e AACR2 
041 0 |a eng  |b eng 
044 |a xo  |c SK 
080 |a 550.38"6235"(234.372.3  |2 1981 
080 |a 551.782(234.372.3  |2 1981 
080 |a 552.311(234.372.3  |2 1981 
100 1 |a Orlický, Oto  |4 aut 
242 1 0 |a Paleomagnetizmus neovulkánov Východoslovenskej nížiny a Zemplínskych vrchov: štúdie tektoník uvedeného paleomagnetického obdobia 
245 1 0 |a Paleomagnetism of neovolcanics of the East-Slovak Lowlands and Zemplínske vrchy Mts.: A study of the tectonics applying the paleomagnetic data (Western Carpathians)  |c Orlický Oto, 
300 |b Obr. 7, tab. 2, 
504 |a Res. angl., lit. 11 zázn. v angl. 
650 0 4 |a neogén  |x štúdie 
650 0 4 |a neovulkány  |x horniny vyvrelé 
650 0 4 |a paleomagnetizmus 
773 0 |t Geologica Carpathica  |x 1335-0552  |g Roč. 47, č. 1(1996), s. 13-20 
958 |a MS 
958 |a NB 
958 |a NP 
958 |a RE 
974 |d 960607  |a 244 
992 |a RBX 
BAS
852 |a SVKKK  |b BIB 
998 |a GEO